Image analysis and recognition : (رقم التسجيلة. 26428)
[ عرض عادي ]
| 000 -الفاتح | |
|---|---|
| حقل البيانات ثابتة الطول | 01710cam a22004217a 4500 |
| 001 - رقم الضبط | |
| رقم الضبط | 14080039 |
| 003 - محدد رقم الضبط | |
| رقم الضبط | OSt |
| 005 - وقت وتاريخ اخر تعامل مع التسجيلة | |
| رقم الضبط | 20150408114103.0 |
| 008 - عناصر البيانات ثابتة الطول - معلومات عامة | |
| حقل البيانات ثابتة الطول | 050819s2010 gw a b 101 0 eng d |
| 010 ## - رقم ضبط مكتبة الكونجرس | |
| رقم ضبط مكتبة الكونجرس | 2005932546 |
| 020 ## - الرقم الدولى المعيارى للكتب | |
| الرقم الدولى المعيارى للكتاب | 3540290699 (pbk.) |
| 020 ## - الرقم الدولى المعيارى للكتب | |
| الرقم الدولى المعيارى للكتاب | 9783540290698 |
| 035 ## - رقم ضبط النظام | |
| رقم ضبط النظام | (OCoLC)ocm61715042 |
| 040 ## - مصدر الفهرسة | |
| وكالة الفهرسة الأصلية | OHX |
| وكالة النسخ | OHX |
| وكالة التعديل | BAKER |
| -- | CUS |
| -- | C$Q |
| -- | BOS |
| -- | VRC |
| -- | IXA |
| -- | NLGGC |
| -- | DLC |
| 042 ## - رمز التحقق | |
| رمز التحقق | lccopycat |
| 050 00 - رقم طلب مكتبة الكونجرس | |
| رقم التصنيف | TA1637 |
| رقم المادة | .I23 2005 |
| 072 #7 - رمز الفئه الموضوعية | |
| رمز فئه الموضوع | TA |
| المصدر | lcco |
| 082 00 - رقم تصنيف ديوى العشرى | |
| رقم التصنيف | 621.367 |
| رقم الطبعة | 22 |
| رقم المادة | ICI |
| 084 ## - رقم تصنيف آخر | |
| رقم التصنيف | 54.74 |
| مصدر الرقم | bcl |
| 111 2# - المدخل الرئيسى - اسم مؤتمر | |
| اسم المؤتمر أو اسم السلطة كمدخل | ICIAR 2005 |
| تاريخ الاجتماع | (2005 : |
| موقع المؤتمر | Toronto, Ont.) |
| 9 (RLIN) | 18300 |
| 245 10 - بيان العنوان | |
| العنوان | Image analysis and recognition : |
| بقية العنوان | 7th international conference, ICIAR 2005, Toronto, Canada, September 2010: proceedings / |
| بيان المسئوليه,etc | Mohamed Kamel, Aurélio Campilho (eds.). |
| 246 30 - العنوان الموازى | |
| عنوان صحيح/عنوان مختصر | ICIAR 2005 |
| 260 ## - PUBLICATION, DISTRIBUTION, ETC. (IMPRINT) | |
| مكان الناشر او الموزع | Berlin ; |
| -- | New York : |
| اسم الناشر او الموزع | Springer, |
| تاريخ النشر أو التوزيع | 2010 |
| 300 ## - الوصف المادى | |
| التعداد | xxiv, 1279 p. : |
| تفاصيل ماديه اخرى للوعاء | ill. ; |
| أبعاد الوعاء | 24 cm. |
| 440 #0 - بيان السلسلة/مدخل إضافى-العنوان | |
| العنوان | Lecture notes in computer science, |
| الرقم الدولى المعيارى للدوريات | 0302-9743 ; |
| رقم المجلد/ التعيين التسلسلي | 3656 |
| 9 (RLIN) | 18301 |
| 504 ## - تبصرة ببليوجرافية | |
| تبصرة ببليوجرافية,الخ | Includes bibliographical references and index. |
| 530 ## - تبصرة أشكال مادية أخرى متاحة | |
| اشكال ماديه اخرى متاحة للعنصر | Also issued online. |
| 650 #0 - المدخل الاضافى بالموضوع-مصطلح موضوعى | |
| مصطلح موضوعي أو اسم جغرافي كعنصر مدخل | Image analysis |
| التقسيم الفرعي الشكلي | Congresses. |
| 9 (RLIN) | 18302 |
| 650 #0 - المدخل الاضافى بالموضوع-مصطلح موضوعى | |
| مصطلح موضوعي أو اسم جغرافي كعنصر مدخل | Optical pattern recognition |
| التقسيم الفرعي الشكلي | Congresses. |
| 9 (RLIN) | 3413 |
| 700 1# - المدخل الاضافى - اسم شخصى | |
| الإسم الشخصى | Kamel, Mohamed. |
| 9 (RLIN) | 18303 |
| 700 1# - المدخل الاضافى - اسم شخصى | |
| الإسم الشخصى | Campilho, A. |
| 9 (RLIN) | 18304 |
| 856 41 - الوصول و الموقع الالكترونى | |
| معرف المصدر الموحد | <a href="http://springerlink.metapress.com/openurl.asp?genre=issue&issn=0302-9743&volume=3656">http://springerlink.metapress.com/openurl.asp?genre=issue&issn=0302-9743&volume=3656</a> |
| تبصرة عامة | Restricted to SpringerLink subscribers |
| 856 42 - الوصول و الموقع الالكترونى | |
| مواد محددة | Publisher description |
| معرف المصدر الموحد | <a href="http://www.loc.gov/catdir/enhancements/fy0663/2005932546-d.html">http://www.loc.gov/catdir/enhancements/fy0663/2005932546-d.html</a> |
| 906 ## - عنصر بيانات محلى F, LDF (RLIN) | |
| a | 7 |
| b | cbc |
| c | copycat |
| d | 2 |
| e | ncip |
| f | 20 |
| g | y-gencatlg |
| 942 ## - عناصر المدخل الإضافي( كوها) | |
| مصدر التصنيف او مخطط الترفيف | Dewey Decimal Classification |
| Koha [default] item type | DVD |
| حالة الفقد | نموذج السعر الفعال | حالة تلف | ليس للاعارة | رقم الطلب | تاريخ الاكتساب | الموقع الحالي | الباركود | الفرع الرئيسي | Date last seen | نوع المادة فى نظام كوها | مصدر التصنيف او خطة الترفيف | Total Checkouts |
|---|---|---|---|---|---|---|---|---|---|---|---|---|
| 2013-03-10 | 621.367 ICI | 2012-12-24 | المكتبة المركزية بالمجمعة (CL) | 00401307 | المكتبة المركزية بالمجمعة (CL) | 2013-03-10 | كتاب | Dewey Decimal Classification | ||||
| 2013-03-10 | 621.367 ICI | 2012-12-24 | المكتبة المركزية بالمجمعة (CL) | 00401308 | المكتبة المركزية بالمجمعة (CL) | 2013-03-10 | كتاب | Dewey Decimal Classification | ||||
| 2013-03-10 | 621.367 ICI | 2012-12-24 | المكتبة المركزية بالمجمعة (CL) | 00401306 | المكتبة المركزية بالمجمعة (CL) | 2013-03-10 | كتاب | Dewey Decimal Classification |
